000 00517nam a2200181Ia 4500
999 _c2548
_d2548
003 OSt
005 20201014101450.0
008 190216s9999||||xx |||||||||||||| ||und||
040 _coclc
082 _a615.19
_bCHA/S
100 _aChatwal, Gurdeep R
_94120
245 0 _aSynthetic Drugs /
_cGurdeep R Chatwal
250 _a1st Ed.
260 _bHimalaya Publishing House,
_c1986.
_aMumbai:
300 _a367p
650 _aChemistry-Chemistry
942 _cBK
_2ddc
_h615.19
_iCHA/S
_k615.19
_mCHA/S